| 000 | 00000nas##2200000za#4500 |
| 001 | 9.508724 |
| 003 | CaOODSP |
| 005 | 20210615082453 |
| 007 | co ||||||||||| |
| 008 | 150406c1999||||xxc|| p q||||f| |0eng|d |
| 022 | |a1480-7378 |
| 040 | |aCaOODSP|beng |
| 041 | |aeng |
| 041 | |afre |
| 043 | |an-cn--- |
| 086 | 1 |aSN2-2-MRC |
| 110 | 2 |aLibrary and Archives Canada. |
| 245 | 10|aCanadiana : |h[electronic resource]|bthe national bibliography |
| 260 | |aOttawa - Ontario : |bLibrary and Archives Canada |
| 310 | |aAnnual |
| 362 | 1 |aDecember 1999-- |
| 520 | 3 |aCanadiana lists and describes a wide variety of publications produced in Canada, or published elsewhere but of special interest or significance to Canada. These include books, periodicals, sound recordings, microforms, music scores, pamphlets, government documents, theses, educational kits, video recordings and electronic documents. Canadiana provides standard cataloguing information for each item listed. It can be used for reference and research, for verifying bibliographic information and for cataloguing copy. It is a valuable selection aid for the development of library collections, for compiling bibliographies on Canadian studies and for acquiring Canadian publications. |
| 538 | |aIBM-compatible PC; 386SX processor (486DX 33Mhz or greater recommended); 8Mb RAM; 10 Mb free hard disc space; CD-ROM drive (double speed or greater); Monitor (colour or monochrome); Windows-compatible mouse; Printer supported by Windows; Windows 3.1 or better; Web browser: Netscape 3 or above, or Microsoft Internet Explorer 3 or above. |
| 776 | 0#|tCanadiana |w(CaOODSP)9.508723 |
| 792 | |tCanadiana : |efre|w(CaOODSP)9.508725 |